000 00700nam a2200181 a 4500
001 000049156
005 20250116073944.0
008 110504s1995 dr ac r f001 0 spa d
040 _aDO-SdBNP
_bspa
_cBNPHU
082 _bR426p,
110 1 _aRepública Dominicana.
_bSecretaría de Estado de Educación, Bellas Artes y Cultos
_923965
245 1 0 _aPlan Decenal de Educación en acción, transformación curricular en marcha :
_bnivel básico.
260 _aSanto Domingo :
_bSecretaría de Estado de Educación, Bellas Artes y Cultos,
_c1995.
300 _a499 p. :
_bil., gráfcs., tablas ;
_c27 cm.
490 1 _aInnova 2000
_v5
590 _aInventariado, 2019/VM
830 0 _aInnova 2000
_v5
_937484
999 _c48644
_d48644